000 00304nam a22001337a 4500
008 171009b xxu||||| |||| 00| 0 eng d
020 _a047160626-X
041 _aeng
080 _a159.9
100 _a49
101 _aPSI
245 _aRESEARCH METHODS IN PSYCHOPATHOLOGY
_cMILLON,TH
942 _2udc
_cBK
999 _c32573
_d32573